| 000 | 00414nam a2200157 a 4500 | ||
|---|---|---|---|
| 001 | 2630 | ||
| 005 | 20140414131947.0 | ||
| 008 | 050621s19uu xx 00 eng d | ||
| 020 | _a1-56189-912-7 | ||
| 050 |
_aTR 372.4 _bSp3 2003 |
||
| 245 | _aSpectrum reading, Grade 2. | ||
| 260 |
_bMcGraw-Hill, _c2003. _aColumbus, Ohio : |
||
| 300 | _a167 p. ; cm. | ||
| 650 |
_aReading _xStudy and teaching. |
||
| 999 |
_c112706 _d112706 |
||